00671nam a2200229 a 4500001001300000003000900013005001700022008004100039020001000080082001600090100002700106245004100133260003500174300000900209500003500218650001500253700002700268902000800295942000700303952011600310999001500426nice12345678IN_TiNIC20260116012201.0070702s1958 paka grp 000 0 urd  ac10000a297.86bBAR aBarham, Abdur Rab Kahn aBalai Damishg Aur Khilafat-E-islamia aPakistan bNo Publisher c1958 a196p aincludes index and biblioraphy aAhmadiyyah1 aBarham, Abdur Rab Kahn bSRS cBK 001040708StackRoom-aHMIbHMId2007-07-02g100.00l0o297.86 BARp06530r2007-07-02v100.00w2007-07-02yBK c5983d5983